| 000 | 00684nam a22001937a 4500 | ||
|---|---|---|---|
| 005 | 20160909173149.0 | ||
| 010 | _aENG-115992 | ||
| 020 |
_a9789381384794 _c195.00 |
||
| 035 | _aEN-99524 | ||
| 037 | _bDBAD/PUB | ||
| 082 | _a371.30281 | ||
| 100 | _aNarayan,B.K. | ||
| 245 |
_a(Two hundred fifty one) study secrets : _cby B.K. Narayan [and] Preeti Narayan _ban authentic intellectual analysis of the most emotinal spiritual and religious topic / / |
||
| 260 |
_aNew Delhi _bV&S Publishers _c2016 |
||
| 270 |
_aF-2/16,Ansari Road,Daryaganj _bNew Delhi _e110002 |
||
| 300 |
_a133p. _c24cm (pbk) |
||
| 700 | _aPrasoon,Shrikant | ||
| 942 |
_2ddc _cEN _h371.30281 _mNAR |
||
| 999 |
_c103262 _d103262 |
||